000 01891nam0a2200361 4500
001 rc\1922940
005 20260405223330.0
035 _a(NLR Aleph) 010169835
090 _a10128493
_c10128493
100 _a20080404d1912 |||y0rusy50 ca
101 0 _arus
102 _aRU
105 _aa z |||a|
135 _acrcn 024aaaba
200 1 _aПервобытные грамотки
_eрассказ из жизни юкагиров
_aЮкагиры
_eочерк
_eс 6 рисунками
_f[соч.] П. Инфантьева
210 _aСпб.
_cиздание П. В. Луковникова
_d1912
215 _a33 с.
_cил.
_d19
225 1 _aЗемля и люди
_iГеографическая библиотека
_iЖизнь народов России
_eрассказы П. Инфантьева
_v№ 15
325 _aКопия доступна в Электрон. б-ке РНБ http://vivaldi.nlr.ru/bx000022687/view
606 1 _aЮкагиры
_xИсторико-этнографические исследования
_92399961
_3RU\NLR\AUTH\661430653
617 _aРоссия
_mСибирь Северо-Восточная
_mКолымский край, историческая область
686 _aТ52(251.1=Юк)
700 1 _8rus
_7ca
_aИнфантьев
_bП. П.
_f1860-1913
_gПорфирий Павлович
_3RU\NLR\AUTH\77101530
_984456
801 0 _aRU
_bNLR
_gpsbo
801 0 _aRU
_bRuMoRGB
_2psbo
801 1 _aRU
_bProSoft-M
_2rusmarc
801 2 _aRU
_bNLR
_c20110901
_2rusmarc
852 _aNLR
_j18.228.10.329(№ 15)
942 _cBOOK
980 _aNB
981 2 2 _a(22) Материалы по истории России
_b(22) Территория
981 2 2 _a(22) Материалы по истории России
_b(22) История России до 25 октября (7 ноября) 1917 года